Modern Organizations / (Record no. 938)
[ view plain ]
| 000 -LEADER | |
|---|---|
| fixed length control field | 00363cam a2200145ua 4500 |
| 041 ## - LANGUAGE CODE | |
| Language code of text/sound track or separate title | eng |
| 082 ## - DEWEY DECIMAL CLASSIFICATION NUMBER | |
| Classification number | 658.1 |
| Item number | ETZ/MO |
| 100 ## - MAIN ENTRY--AUTHOR NAME | |
| Personal name | Etzioni, Amitai . |
| 245 ## - TITLE STATEMENT | |
| Title | Modern Organizations / |
| 260 ## - PUBLICATION, DISTRIBUTION, ETC. (IMPRINT) | |
| Place of publication | New Delhi : |
| Name of publisher | Prentice Hall of India , |
| Year of publication | 1965. |
| 300 ## - PHYSICAL DESCRIPTION | |
| Number of Pages | 120 ; . |
| 942 ## - ADDED ENTRY ELEMENTS (KOHA) | |
| Koha item type | Books |
| Withdrawn status | Lost status | Damaged status | Home library | Current library | Date acquired | Full call number | Accession Number | Koha item type |
|---|---|---|---|---|---|---|---|---|
| KAUAET | KAUAET | 07/04/2012 | 658.1 ETZ/MO | 13084 | Books |
